000 00352cam a22001097a 4500
008 180718b xxu||||| |||| 00| 0 eng d
082 _aT4421x5451 An24
245 _aTen years in the service of industry in Andhra Pradesh
_cby APSFC, Andhra Pradesh
260 _aHyderabad
_bHyderabad Association Printer
_c
300 _a30p.
700 _aAndhra Pradesh. APSFC
999 _c498088
_d498088